[Event "Open A Plancoet 2013"]
[Site "?"]
[Date "2013.07.28"]
[Round "1"]
[White "Bailet, Pierre"]
[Black "Purenne, Benoit"]
[Result "1-0"]
[WhiteElo "2474"]
[BlackElo "2223"]
[Annotator "Allory Pierre-Jean"]
[PlyCount "65"]
[SourceDate "2013.07.29"]

1. d4 Nf6 2. c4 c5 3. Nf3 g6 4. g3 Bg7 5. Bg2 O-O 6. O-O cxd4 7. Nxd4 Nc6 8.
Nc3 Qa5 9. Nb3 Qh5 10. h3 d6 11. Nd5 Nxd5 12. cxd5 Ne5 13. g4 Bxg4 14. hxg4
Nxg4 15. Bf4 Bh6 16. Qd4 e5 17. dxe6 fxe6 18. Bg3 e5 19. Qd5+ Kh8 20. Bf3 Bf4
21. Bxg4 Qxg4 22. Qf3 Qe6 23. Qg2 Rf5 24. e3 g5 25. Rad1 Raf8 26. Nd2 h5 27.
Qh3 g4 28. Qh1 Qg6 29. Ne4 h4 30. Rxd6 Qh7 31. exf4 exf4 32. Bxh4 Rh5 33. Nf6
1-0

[Event "Open A plancoët 2013"]
[Site "?"]
[Date "2013.07.28"]
[Round "1"]
[White "Laplanche, denis"]
[Black "Tirard, Hugo"]
[Result "0-1"]
[WhiteElo "2179"]
[BlackElo "2421"]
[Annotator "Corbel Mathys"]
[PlyCount "43"]
[SourceDate "2013.07.29"]

1. d4 Nf6 2. c4 g6 3. Nc3 d6 4. e4 Bg7 5. f3 O-O 6. Be3 c5 7. dxc5 dxc5 8. Qxd8
Rxd8 9. Bxc5 Nc6 10. Ba3 b6 11. Nge2 e6 12. b3 Ne5 13. Nf4 g5 14. Nh3 g4 15.
Ng1 Nh5 16. Rc1 Nf4 17. Rc2 Bb7 18. Kf2 f5 19. Nge2 Nfd3+ 20. Kg3 gxf3 21. gxf3
Nxf3 22. Bh3 0-1

[Event "Open A plancoet 2013"]
[Site "?"]
[Date "2013.07.28"]
[Round "1"]
[White "Mladenov, Plamen"]
[Black "Bianchi, Guillaume"]
[Result "1-0"]
[WhiteElo "2405"]
[BlackElo "2172"]
[Annotator "Allory Pierre-Jean"]
[PlyCount "59"]
[SourceDate "2013.07.29"]

1. e4 c5 2. Nf3 d6 3. d4 cxd4 4. Nxd4 Nf6 5. Nc3 a6 6. h3 e6 7. g4 Nfd7 8. Bg2
Be7 9. Be3 Nc6 10. Qe2 Qc7 11. O-O-O Na5 12. Kb1 Rb8 13. Bc1 b5 14. Nd5 exd5
15. exd5 Ne5 16. f4 Ng6 17. h4 O-O 18. h5 Nh8 19. g5 Rb7 20. f5 Nc4 21. h6 g6
22. f6 Bd8 23. Rhe1 Ne5 24. Bf3 Bf5 25. Nc6 Nd7 26. Bf4 Nxf6 27. gxf6 Bxf6 28.
Qh2 Rc8 29. Bxd6 Qb6 30. Be5 1-0

[Event "Open A plancoet 2013"]
[Site "?"]
[Date "2013.07.28"]
[Round "1"]
[White "Bleunven, Andre"]
[Black "Bryzgalin, kirill"]
[Result "1/2-1/2"]
[WhiteElo "2221"]
[BlackElo "2470"]
[Annotator "Allory Pierre-Jean"]
[PlyCount "62"]
[SourceDate "2013.07.29"]

1. d4 Nf6 2. c4 d6 3. Nc3 Nbd7 4. e4 e5 5. d5 Be7 6. Nf3 O-O 7. h3 Re8 8. Be3
g6 9. g4 c6 10. Be2 a6 11. Nd2 Nf8 12. h4 cxd5 13. exd5 Nxg4 14. Bxg4 f5 15.
Be2 f4 16. Bxf4 exf4 17. Nf3 Bf6 18. Qd2 Bg4 19. Qxf4 Bxc3+ 20. bxc3 Qa5 21.
O-O Rxe2 22. Qxg4 Qxc3 23. Ng5 Rae8 24. Qf4 $11 h6 25. Qf7+ Kh8 26. Ne6 R2xe6
27. dxe6 Qd4 28. Qxe8 Qg4+ 29. Kh2 Qxh4+ 30. Kg2 Qg4+ 31. Kh2 Qh4+ 1/2-1/2

[Event "Open A Plancoët 2013"]
[Site "?"]
[Date "2013.07.28"]
[Round "1.15"]
[White "Najart, David"]
[Black "Bergez, Luc"]
[Result "1-0"]
[WhiteElo "2156"]
[BlackElo "2395"]
[Annotator "Najart David"]
[PlyCount "77"]
[SourceDate "2013.07.29"]

1. c4 g6 2. d4 Nf6 3. Nc3 Bg7 4. e4 O-O 5. Nf3 d6 6. h3 e5 7. d5 Nh5 8. Be3 f5
9. Rc1 Na6 10. a3 Nc5 11. Nd2 Nf6 12. b4 Ncxe4 13. Ndxe4 Nxe4 14. Nxe4 fxe4 15.
Be2 a5 16. b5 b6 17. Bg4 Bf5 18. h4 Qd7 19. Be2 h5 20. Qc2 Bg4 21. a4 Qf5 22.
Bxg4 Qxg4 23. Rh3 Qxg2 24. Rg3 Qh1+ 25. Ke2 Qxh4 26. Rcg1 Bf6 27. Qb1 Bd8 28.
Rh1 Qe7 29. Qxe4 Rf7 30. Qxg6+ Rg7 31. Qxh5 Rxg3 32. Qh8+ Kf7 33. Rh7+ Kg6 34.
Qg8+ Kf6 35. fxg3 Qxh7 36. Qxh7 Be7 37. Qh6+ Kf7 38. Qe6+ Ke8 39. Bg5 1-0

[Event "Open A Plancoët 2013"]
[Site "?"]
[Date "2013.07.29"]
[Round "2.7"]
[White "Vovk, Yuri"]
[Black "Najart, David"]
[Result "1-0"]
[WhiteElo "2608"]
[BlackElo "2156"]
[PlyCount "35"]
[SourceDate "2013.07.29"]

1. d4 Nf6 2. c4 e6 3. Nc3 Bb4 4. e3 O-O 5. Bd3 c5 6. Nge2 b6 7. d5 e5 8. O-O
Bxc3 9. Nxc3 d6 10. Bd2 a6 11. a4 Re8 12. f3 Nbd7 13. Qc2 Nf8 14. a5 Rb8 15.
axb6 Qxb6 16. Rfb1 N6d7 17. Qa4 g6 18. Ne4 1-0

[Event "Open A Plancoët 2013"]
[Site "?"]
[Date "2013.07.29"]
[Round "2"]
[White "De Wit, Tex"]
[Black "Miron, Lucian-Costin"]
[Result "0-1"]
[WhiteElo "2293"]
[BlackElo "2544"]
[Annotator "Allory Pierre-Jean"]
[PlyCount "68"]
[SourceDate "2013.07.29"]

1. c4 Nf6 2. Nc3 c5 3. Nf3 d5 4. cxd5 Nxd5 5. g3 Nc6 6. Bg2 Nc7 7. O-O e5 8.
Ne1 Bd7 9. Nd3 Bd6 10. Ne4 Qe7 11. b3 O-O 12. Bb2 Rae8 13. f4 exf4 14. Nxd6
Qxd6 15. Nxf4 b6 16. Rc1 Ne6 17. e3 Nb4 18. d4 Nxa2 19. Ra1 Nb4 20. Rxa7 Bb5
21. dxc5 Qxc5 22. Qg4 Qxe3+ 23. Rf2 Nd3 24. Nxd3 Bxd3 25. Bd5 Bg6 26. b4 Ng5
27. h4 Ne4 28. Bxf7+ Rxf7 29. Raxf7 Nxf2 30. Rxf2 Rf8 31. Qc4+ Kh8 32. Qd4 Qe1+
33. Kg2 Rxf2+ 34. Qxf2 Be4+ 0-1

[Event "Open A plancoet 2013"]
[Site "?"]
[Date "2013.07.29"]
[Round "2"]
[White "Chaudagne, Christophe"]
[Black "Mladenov, Plamen"]
[Result "0-1"]
[WhiteElo "2137"]
[BlackElo "2405"]
[Annotator "Pierre-Jean Allory"]
[PlyCount "60"]
[SourceDate "2013.07.29"]

1. Nf3 Nf6 2. Nc3 c5 3. e4 d6 4. d4 cxd4 5. Qxd4 a6 6. Bg5 Nc6 7. Qd2 e6 8.
O-O-O Be7 9. Bf4 Ng4 10. Kb1 O-O 11. Bd3 b5 12. Bg3 b4 13. Ne2 Qb6 14. Nc1 a5
15. Rhe1 Nge5 16. Bf1 a4 17. Nd4 a3 18. Nxc6 Nxc6 19. b3 Bb7 20. f4 Rac8 21.
Bf2 Qa5 22. Bd3 Bf6 23. Ne2 Bb2 24. Qe3 Ne7 25. Qb6 Qxb6 26. Bxb6 f5 27. Nd4
fxe4 28. Bxe4 Bxe4 29. Rxe4 Nd5 30. Nxe6 Nc3# 0-1

[Event "Open A plancoet 2013"]
[Site "?"]
[Date "2013.07.29"]
[Round "2"]
[White "Jianu, Vlad-Christian"]
[Black "Tugui, Adrian"]
[Result "1-0"]
[WhiteElo "2560"]
[BlackElo "2387"]
[Annotator "Pierre-Jean Allory"]
[PlyCount "101"]
[SourceDate "2013.07.29"]

1. Nf3 Nf6 2. c4 d5 3. cxd5 Nxd5 4. g3 g6 5. Bg2 Bg7 6. d4 O-O 7. O-O Nc6 8.
Nc3 Be6 9. e3 Nxc3 10. bxc3 Na5 11. Nd2 Rc8 12. Nb3 c6 13. e4 Bc4 14. Re1 e5
15. Ba3 Re8 16. Bb4 Nxb3 17. axb3 Ba6 18. Bc5 exd4 19. cxd4 Bb5 20. e5 a6 21.
Qf3 b6 22. Bd6 Qd7 23. h4 Bf8 24. Bxf8 Rxf8 25. Rad1 Rcd8 26. h5 Qf5 27. hxg6
hxg6 28. Qxf5 gxf5 29. f4 f6 30. Kf2 Rfe8 31. Bh3 fxe5 32. fxe5 Rd5 33. Bxf5 c5
34. Ke3 cxd4+ 35. Kf4 d3 36. Rd2 Kg7 37. g4 a5 38. Rh2 d2 39. Rd1 Rd4+ 40. Kg5
Rxe5 41. Rdxd2 Rxd2 42. Rxd2 a4 43. bxa4 Bxa4 44. Rd6 Be8 45. Rxb6 Re7 46. Rh6
Bf7 47. Rh7+ Kg8 48. Kf6 Rb7 49. Rg7+ Kf8 50. Be6 Ra7 51. g5 1-0

[Event "Open A plancoet 2013"]
[Site "?"]
[Date "2013.07.29"]
[Round "2"]
[White "Milchev, Nikolay"]
[Black "Kukov, Velislav"]
[Result "1/2-1/2"]
[WhiteElo "2433"]
[BlackElo "2370"]
[Annotator "Pierre-Jean Allory"]
[PlyCount "44"]
[SourceDate "2013.07.29"]

1. e4 e5 2. Nf3 Nf6 3. Nxe5 d6 4. Nf3 Nxe4 5. Qe2 Qe7 6. d3 Nf6 7. Bg5 Qxe2+ 8.
Bxe2 Be7 9. Nc3 O-O 10. O-O c6 11. Rfe1 Nbd7 12. d4 Re8 13. h3 Nf8 14. Bd3 $11
Be6 15. Ne4 Nxe4 16. Bxe4 Bxg5 17. Nxg5 Bd5 18. Bxd5 cxd5 19. Kf1 h6 20. Rxe8
Rxe8 21. Nf3 Nd7 22. Re1 Rxe1+ $11 1/2-1/2

[Event "Open A Plancoet 2013"]
[Site "?"]
[Date "2013.07.29"]
[Round "2"]
[White "Leroy, Didier"]
[Black "Bailet, Pierre"]
[Result "1/2-1/2"]
[WhiteElo "2305"]
[BlackElo "2474"]
[Annotator "Pierre-Jean Allory"]
[PlyCount "57"]
[SourceDate "2013.07.29"]

1. d4 Nf6 2. c4 g6 3. Nc3 Bg7 4. e4 O-O 5. Bd3 d6 6. Nge2 e5 7. O-O Nbd7 8. Bc2
c6 9. d5 cxd5 10. Nxd5 Nxd5 11. Qxd5 Nc5 12. b3 Be6 13. Qd2 Qe7 14. Bb2 f5 15.
exf5 gxf5 16. Rad1 Rad8 17. Nc3 Qh4 18. Nd5 Rf7 19. Rfe1 Rdf8 20. f3 Kh8 21.
Qf2 Qh6 22. b4 Na6 23. a3 b6 24. Qd2 Qh4 25. Bb3 Rg8 26. Qf2 Qh6 27. Qd2 Qh4
28. Qf2 Qh6 29. Qd2 1/2-1/2

[Event "Open A plancoet 2013"]
[Site "?"]
[Date "2013.07.30"]
[Round "3"]
[White "Epishin, Vladimir"]
[Black "Galarza Cenzano, Inigo"]
[Result "1-0"]
[WhiteElo "2598"]
[BlackElo "2046"]
[Annotator "Pierre-Jean Allory"]
[PlyCount "45"]
[SourceDate "2013.07.29"]

1. d4 Nf6 2. c4 g6 3. Nc3 Bg7 4. e4 d6 5. Nf3 O-O 6. Be2 Na6 7. O-O e5 8. Re1
exd4 9. Nxd4 Nc5 10. Bf1 Nfd7 11. Be3 Ne5 12. f3 Ne6 13. Kh1 Nxd4 14. Bxd4 Be6
15. Nd5 c6 16. Ne3 c5 17. Bc3 Nc6 18. Qd2 Nd4 19. Bd3 Be5 20. Qf2 Qf6 21. Rf1
g5 22. g3 Bh3 23. f4 1-0

[Event "Open A plancoet 2013"]
[Site "?"]
[Date "2013.07.30"]
[Round "3"]
[White "Mladenov, Plamen"]
[Black "Louis, Corentin"]
[Result "1-0"]
[WhiteElo "2405"]
[BlackElo "2008"]
[Annotator "Pierre-Jean Allory"]
[PlyCount "51"]
[SourceDate "2013.07.29"]

1. d4 Nf6 2. c4 g6 3. Nc3 Bg7 4. Nf3 O-O 5. g3 d6 6. Bg2 Nbd7 7. O-O c5 8. d5
Rb8 9. e4 a6 10. a4 b6 11. Re1 Ne8 12. Bf4 h6 13. Qe2 g5 14. Bc1 Nc7 15. Nd1 e6
16. Ne3 Ne5 17. Nxe5 Bxe5 18. Qh5 Bg7 19. Ng4 Kh7 20. h4 f6 21. e5 exd5 22.
Nxf6+ Bxf6 23. exf6 Qxf6 24. Bxg5 Bg4 25. Re7+ Kg8 26. Qxg4 1-0

[Event "Open A plancoet 2013"]
[Site "?"]
[Date "2013.07.30"]
[Round "3"]
[White "Roser, Kevin"]
[Black "Maruejols, Claude"]
[Result "1-0"]
[WhiteElo "2395"]
[BlackElo "2005"]
[Annotator "Pierre-Jean Allory"]
[PlyCount "31"]
[SourceDate "2013.07.29"]

1. e4 c5 2. Nf3 d6 3. d4 cxd4 4. Nxd4 Nf6 5. Nc3 a6 6. Qf3 g6 7. h3 Bg7 8. Be3
Nbd7 9. g4 Nc5 10. O-O-O Qc7 11. Bg2 e6 12. Qe2 Rb8 13. f4 b5 14. e5 dxe5 15.
Nc6 b4 16. Rd8+ 1-0

[Event "Open A plancoet 2013"]
[Site "?"]
[Date "2013.07.30"]
[Round "3"]
[White "Konguvel, Ponnuswamy"]
[Black "Busnel, Laurent"]
[Result "1-0"]
[WhiteElo "2319"]
[BlackElo "1928"]
[Annotator "Pierre-Jean Allory"]
[PlyCount "31"]
[SourceDate "2013.07.29"]

1. e4 c5 2. Nf3 e6 3. d4 cxd4 4. Nxd4 a6 5. c4 Nf6 6. Nc3 Bb4 7. Qf3 Qa5 8. Bd2
O-O 9. a3 Bxc3 10. Bxc3 Qg5 11. Be2 d5 12. h4 Qg6 13. cxd5 exd5 14. Nf5 Re8 15.
h5 Qg4 16. Nh6+ 1-0

[Event "Open A plancoet 2013"]
[Site "?"]
[Date "2013.07.30"]
[Round "3"]
[White "Barberi, Alessandro"]
[Black "bryzgalin, kirill"]
[Result "0-1"]
[WhiteElo "2051"]
[BlackElo "2470"]
[Annotator "Pierre-Jean Allory"]
[PlyCount "62"]
[SourceDate "2013.07.29"]

1. d4 Nf6 2. Nf3 d6 3. g3 b5 4. Bg2 Bb7 5. b3 Nbd7 6. c4 bxc4 7. bxc4 e6 8. Nc3
Nb6 9. Qb3 Rb8 10. Rb1 Be7 11. O-O O-O 12. Rd1 Ba6 13. c5 Nbd5 14. Qxb8 Qxb8
15. Rxb8 Rxb8 16. Nxd5 Nxd5 17. cxd6 cxd6 18. Bf1 Nc3 19. Rd2 Rb1 20. Rc2 Nxe2+
21. Bxe2 Bxe2 22. Rc8+ Bf8 23. Kg2 Ba6 24. Rc7 Rb7 25. Rc8 Rd7 26. Rb8 Bb7 27.
Ba3 h5 28. h3 g5 29. g4 h4 30. Bc1 f6 31. Bb2 Kf7 0-1

[Event "Open A Plancoet 2013"]
[Site "?"]
[Date "2013.07.28"]
[Round "1"]
[White "Bitan, B."]
[Black "Vovk, Y."]
[Result "1/2-1/2"]
[WhiteElo "2295"]
[BlackElo "2608"]
[Annotator "Le Masle R"]
[PlyCount "84"]
[EventDate "2013.??.??"]
[SourceDate "2013.07.29"]

1. d4 Nf6 2. c4 e6 3. Nc3 Bb4 4. e3 d5 5. Bd3 O-O 6. Nf3 c5 7. a3 Bxc3+ 8. bxc3
dxc4 9. Bxc4 Qc7 10. Nd2 b6 11. Qe2 Nc6 12. Bb2 e5 13. O-O Rd8 14. Bb5 Bb7 15.
Nf3 e4 16. Nd2 Ne7 17. c4 cxd4 18. Bxd4 Qd6 19. Rfd1 Nf5 20. Bb2 Qe6 21. Nf1
Nd6 22. Rac1 Rac8 23. Ng3 Ng4 24. Nh5 Ne5 25. Nf4 Qe7 26. Nd5 Bxd5 27. cxd5
Rxc1 28. Rxc1 Nxb5 29. Bxe5 a6 30. Bb2 Rxd5 31. Qg4 f6 32. Qc8+ Qd8 33. Qe6+
Kf8 34. g3 Rd1+ 35. Rxd1 Qxd1+ 36. Kg2 Qc2 37. Ba1 Qc1 38. a4 Qxa1 39. Qc8+ Ke7
40. Qb7+ Kf8 41. Qc8+ Ke7 42. Qb7+ Kf8 $11 1/2-1/2

[Event "Open A Plancoet 2013"]
[Site "?"]
[Date "2013.07.28"]
[Round "1"]
[White "Guliyev, N."]
[Black "De Wit, E."]
[Result "1/2-1/2"]
[WhiteElo "2569"]
[BlackElo "2293"]
[Annotator "Le Masle R"]
[PlyCount "111"]
[EventDate "2013.??.??"]
[SourceDate "2013.07.29"]

1. e4 d6 2. d4 Nf6 3. Nc3 g6 4. Nf3 Bg7 5. Be2 O-O 6. O-O Bg4 7. Be3 Nc6 8. Nd2
Bxe2 9. Qxe2 Nd7 10. Nb3 Nb6 11. Rad1 e6 12. Nb1 a5 13. c4 a4 14. Nc1 d5 15.
cxd5 exd5 16. Nc3 Re8 17. a3 Qd7 18. N1a2 Rad8 19. Qc2 Na5 20. Nxd5 Nxd5 21.
exd5 Qxd5 22. Qxc7 Rc8 23. Nc3 Qxg2+ 24. Kxg2 Rxc7 25. Nxa4 Nc4 26. Bc1 b5 27.
Nc3 Nxa3 28. Rfe1 Rd8 29. Nd5 Rcd7 30. Ne7+ Kf8 31. Nc6 Rc8 32. d5 Nc4 33. b3
Nd6 34. Ba3 Bf6 35. Bc5 Kg7 36. b4 Nc4 37. Ne7 Ra8 38. d6 Be5 39. Rd5 Bxd6 40.
Nc6 Rc8 41. Nd4 Rdd8 42. Nxb5 Bxc5 43. Rxc5 Rxc5 44. bxc5 Rd5 45. Nd6 Nxd6 46.
cxd6 Rxd6 47. h3 Rd3 48. Re5 h6 49. Ra5 g5 50. Ra6 Rb3 51. Rc6 h5 52. Rd6 Rb2
53. Rc6 f6 54. Rc8 Kg6 55. Rg8+ Kf5 56. Rh8 1/2-1/2

[Event "Open A Plancoet 2013"]
[Site "?"]
[Date "2013.07.28"]
[Round "1"]
[White "Rjabzev, K."]
[Black "Jianu, V."]
[Result "0-1"]
[WhiteElo "2290"]
[BlackElo "2560"]
[Annotator "Le Masle"]
[PlyCount "72"]
[EventDate "2013.??.??"]
[SourceDate "2013.07.29"]

1. e4 c5 2. Nf3 d6 3. c3 Nf6 4. Be2 g6 5. O-O Bg7 6. Bb5+ Nc6 7. Re1 O-O 8. h3
a6 9. Bxc6 bxc6 10. d4 cxd4 11. cxd4 d5 12. e5 Ne4 13. Nc3 Nxc3 14. bxc3 Qa5
15. Bg5 Ra7 16. Qd2 Bf5 17. Bh6 Rb8 18. Bxg7 Kxg7 19. g4 Be6 20. Rab1 Rab7 21.
Rxb7 Rxb7 22. Ng5 Qa3 23. f4 Rb2 24. Qd3 Qxa2 25. Qg3 Rb1 26. f5 Rxe1+ 27. Qxe1
gxf5 28. Qh4 Qb1+ 29. Kg2 Qc2+ 30. Kg1 Qc1+ 31. Kg2 Qd2+ 32. Kg1 Kf8 33. Nxe6+
fxe6 34. g5 Ke8 35. Qh6 Kd7 36. h4 f4 0-1

[Event "Open A Plancoet 2013"]
[Site "?"]
[Date "2013.07.28"]
[Round "1"]
[White "Miron, L."]
[Black "Deslandes, P."]
[Result "1/2-1/2"]
[WhiteElo "2544"]
[BlackElo "2279"]
[Annotator "Le Masle R"]
[PlyCount "71"]
[EventDate "2013.??.??"]
[SourceDate "2013.07.29"]

1. d4 Nf6 2. c4 g6 3. Nf3 Bg7 4. g3 O-O 5. Bg2 d6 6. O-O Nc6 7. Nc3 e5 8. d5
Ne7 9. e4 Nd7 10. Ne1 f5 11. Nd3 Nf6 12. Bg5 h6 13. Bxf6 Bxf6 14. f4 Kh7 15.
fxe5 dxe5 16. Qe2 c6 17. Rad1 cxd5 18. cxd5 Bd7 19. Kh1 Rc8 20. Rc1 Bg7 21. Qe3
fxe4 22. Rxf8 Qxf8 23. Nc5 Nf5 24. Nxd7 Nxe3 25. Nxf8+ Bxf8 26. Bxe4 Nc4 27.
Ne2 Nd6 28. Rxc8 Nxc8 29. Kg2 Nd6 30. Kf3 Kg7 31. b3 Kf6 32. Nc3 Be7 33. Na4
Nf7 34. Nc3 Nd6 35. Na4 Nf7 36. Nc3 1/2-1/2

[Event "Open A Plancoet 2013"]
[Site "?"]
[Date "2013.07.28"]
[Round "1"]
[White "Dgebuadze, A."]
[Black "Bernard, C."]
[Result "1/2-1/2"]
[WhiteElo "2520"]
[BlackElo "2255"]
[Annotator "Le Masle R"]
[PlyCount "70"]
[EventDate "2013.??.??"]
[SourceDate "2013.07.29"]

1. e4 c5 2. Nf3 d6 3. d4 cxd4 4. Qxd4 Nc6 5. Bb5 Bd7 6. Bxc6 Bxc6 7. Nc3 Nf6 8.
Bg5 e6 9. O-O-O Be7 10. h4 h6 11. Be3 Qc7 12. Rhg1 Rc8 13. Nd2 a6 14. Kb1 b5
15. f3 e5 16. Qd3 b4 17. Nd5 Nxd5 18. exd5 Bb5 19. Qe4 Bd7 20. Rc1 f5 21. Qxb4
O-O 22. c4 Rb8 23. Qa3 Bxh4 24. g3 Bf6 25. Nb3 a5 26. c5 a4 27. cxd6 Qd8 28.
Nc5 f4 29. Ne6 Qa5 30. Nxf8 Bf5+ 31. Ka1 fxe3 32. g4 e4 33. gxf5 Rxb2 34. Nd7
Rxa2+ 35. Kxa2 Qxd5+ 1/2-1/2

[Event "Open A Plancoet 2013"]
[Site "?"]
[Date "2013.07.28"]
[Round "1"]
[White "Bouget, A."]
[Black "Lintchevski, D."]
[Result "1/2-1/2"]
[WhiteElo "2257"]
[BlackElo "2529"]
[Annotator "Le Masle R"]
[PlyCount "44"]
[EventDate "2013.??.??"]
[SourceDate "2013.07.29"]

1. d4 Nf6 2. c4 g6 3. Nc3 Bg7 4. e4 O-O 5. Be2 d6 6. Nf3 e5 7. O-O exd4 8. Nxd4
Re8 9. f3 c6 10. Nc2 Nh5 11. Kh1 Qh4 12. Qe1 Qxe1 13. Rxe1 f5 14. Be3 f4 15.
Bd4 Be5 16. Rad1 Nd7 17. Bxe5 dxe5 18. b4 a5 19. a3 axb4 20. axb4 Kf8 21. Kg1
Ke7 22. Ra1 Rxa1 1/2-1/2

[Event "Open A Plancoet 2013"]
[Site "?"]
[Date "2013.07.29"]
[Round "2"]
[White "Grimberg, Gilbert"]
[Black "Vedmediuc, serghei"]
[Result "0-1"]
[WhiteElo "2296"]
[BlackElo "2460"]
[Annotator "Lemasle R"]
[PlyCount "118"]
[EventDate "2013.??.??"]
[SourceDate "2013.07.29"]

1. e4 c5 2. Nc3 Nc6 3. Bb5 Na5 4. Nf3 a6 5. Be2 d6 6. a3 Nf6 7. O-O e6 8. Rb1
Be7 9. b4 Nc6 10. d4 cxd4 11. Nxd4 Bd7 12. b5 Na5 13. bxa6 bxa6 14. Bd2 Qc7 15.
Bd3 Nc4 16. Be1 O-O 17. a4 Rfc8 18. Qe2 e5 19. Nf3 Be6 20. Ng5 Bg4 21. Nf3 h6
22. h3 Be6 23. Nh2 Qd7 24. Kh1 Rc5 25. f4 exf4 26. Rxf4 Rac8 27. Nd1 Qxa4 28.
Rb7 Qe8 29. Ra7 a5 30. Rf1 Ra8 31. Rxa8 Qxa8 32. Nf3 Ne5 33. Nd4 a4 34. Nxe6
fxe6 35. Bb4 Nxd3 36. Qxd3 Re5 37. Bxd6 Bxd6 38. Qxd6 Rxe4 39. Qg3 Qd8 40. Nc3
Rc4 41. Qe5 Qc8 42. Rf3 Kh7 43. Ne2 Re4 44. Qd6 Qxc2 45. Ng3 Re1+ 46. Kh2 Qd1
47. Qb6 h5 48. Qb4 Kg6 49. Qh4 Re5 50. Ra3 Ra5 51. Qb4 Qd5 52. Rc3 Qb5 53. Qf8
h4 54. Rf3 Qe5 55. Qh8 a3 56. Qxh4 a2 57. Rxf6+ gxf6 58. Qh8 Ra7 59. Qg8+ Rg7
0-1

[Event "Open A plancoet 2013"]
[Site "?"]
[Date "2013.07.29"]
[Round "2"]
[White "Deslandes, P."]
[Black "Guliyev, N."]
[Result "1/2-1/2"]
[WhiteElo "2279"]
[BlackElo "2569"]
[Annotator "Lemasle R"]
[PlyCount "100"]
[EventDate "2013.??.??"]
[SourceDate "2013.07.29"]

1. e4 c5 2. c3 d5 3. exd5 Qxd5 4. d4 Nf6 5. Nf3 e6 6. Be3 cxd4 7. cxd4 Nc6 8.
Nc3 Qd6 9. Bc4 Be7 10. O-O O-O 11. a3 Nd5 12. Qd2 Nxe3 13. Qxe3 Bd7 14. Rad1
Na5 15. Ba2 Qb6 16. b4 Nc6 17. d5 Qxe3 18. fxe3 exd5 19. Nxd5 Be6 20. Nxe7+
Nxe7 21. Bxe6 fxe6 22. Rd7 Nd5 23. Rxb7 a5 24. b5 Nc3 25. h3 e5 26. Rf2 Rad8
27. Rd2 h5 28. Rxd8 Rxd8 29. Nxe5 Rd5 30. Nc4 Nxb5 31. Nxa5 Nxa3 32. Nc6 Rd1+
33. Kf2 Rd2+ 34. Kf3 Nc2 35. g3 Kh7 36. Ne7 Ne1+ 37. Ke4 Nd3 38. Rb5 g6 39. h4
Nf2+ 40. Kf3 Nh1 41. Rg5 Rf2+ 42. Ke4 Rf7 43. Nd5 Nf2+ 44. Kd4 Ra7 45. Nf4 Ra4+
46. Kd5 Ng4 47. e4 Nf6+ 48. Ke5 Ng4+ 49. Kd5 Nf6+ 50. Ke5 Ng4+ 1/2-1/2

[Event "Open A plancoet 2013"]
[Site "?"]
[Date "2013.07.29"]
[Round "2"]
[White "Arghyadip, D."]
[Black "Bouget, A."]
[Result "1-0"]
[WhiteElo "2493"]
[BlackElo "2257"]
[Annotator "Lemasle R"]
[PlyCount "91"]
[EventDate "2013.??.??"]
[SourceDate "2013.07.29"]

1. e4 e5 2. Nf3 Nc6 3. Bc4 Nf6 4. d3 Be7 5. O-O O-O 6. a4 d6 7. a5 a6 8. c3 h6
9. Nbd2 Kh8 10. Qb3 Nh5 11. Re1 g5 12. Nf1 Qe8 13. Ne3 Bd8 14. Nf5 Kh7 15. h3
f6 16. d4 Ne7 17. g4 Nxf5 18. exf5 Nf4 19. Bxf4 gxf4 20. Nh4 c6 21. dxe5 fxe5
22. Ng6 Bf6 23. Nxf4 d5 24. Bd3 Bd7 25. Qxb7 Rb8 26. Qc7 e4 27. Ng6 Rf7 28. Qg3
Rxb2 29. Bxa6 Rc2 30. Rec1 Rxc1+ 31. Rxc1 Qa8 {(=)} 32. Bf1 Qxa5 33. Qd6 Qd8
34. Rb1 Bxf5 35. Qxd8 Bxd8 36. gxf5 Rxf5 37. Rb8 Bc7 38. Nf8+ Kg8 39. Rc8 Ba5
40. Nd7+ Kg7 41. Rxc6 Rf3 42. Bg2 Rd3 43. Nf6 Bxc3 44. Nxd5 Bd4 45. Bxe4 Rxh3
46. Nf4 1-0

[Event "Open A plancoet 2013"]
[Site "?"]
[Date "2013.07.29"]
[Round "2"]
[White "Lintchevski, D."]
[Black "Le Goff, D."]
[Result "1-0"]
[WhiteElo "2529"]
[BlackElo "2236"]
[Annotator "Lemasle R"]
[PlyCount "61"]
[EventDate "2013.??.??"]
[SourceDate "2013.07.29"]

1. e4 c5 2. Nf3 Nc6 3. d4 cxd4 4. Nxd4 g6 5. c4 Bg7 6. Be3 Nf6 7. Nc3 O-O 8.
Be2 d6 9. O-O Bd7 10. Nc2 Rc8 11. f3 Ne5 12. Na3 a6 13. Qd2 Be6 14. Nd5 Nfd7
15. Rac1 f5 16. exf5 Bxf5 17. Nf4 Nf6 18. b3 Kh8 19. Nc2 Nc6 20. Nd5 e5 21. Bb6
Qe8 22. Nxf6 Rxf6 23. Bd3 Bxd3 24. Qxd3 Ne7 25. Bf2 b5 26. Ne3 Nf5 27. cxb5
Rxc1 28. Rxc1 Nxe3 29. b6 Nf5 30. b7 Rf8 31. Qxa6 1-0

[Event "Open B Plancoet 2013"]
[Site "?"]
[Date "2013.07.29"]
[Round "2"]
[White "Tirard, H."]
[Black "Dionisi, T."]
[Result "1-0"]
[WhiteElo "2421"]
[BlackElo "2301"]
[Annotator "Lemasle R"]
[PlyCount "57"]
[EventDate "2013.??.??"]
[SourceDate "2013.07.29"]

1. e4 c5 2. Nf3 Nc6 3. Bb5 f5 4. d3 Nf6 5. Nbd2 g6 6. h4 Bg7 7. c3 a6 8. Ba4 b5
9. Bb3 c4 10. dxc4 bxc4 11. Bc2 fxe4 12. Nxe4 d5 13. Nxf6+ Bxf6 14. h5 Bf5 15.
hxg6 Bxg6 16. Bg5 Qd6 17. Bxf6 Bxc2 18. Qxc2 Qe6+ 19. Kf1 Qxf6 20. Qd2 Qd6 21.
Rh6 Qd7 22. Re1 Rg8 23. Ree6 Nd8 24. Ne5 Qc8 25. Rb6 Qc5 26. Qe2 Rg5 27. f4 Rf5
28. Qg4 e6 29. Rhxe6+ 1-0

[Event "Open A Plancoet2013"]
[Site "?"]
[Date "2013.07.29"]
[Round "2"]
[White "Bryzgalin, K."]
[Black "Le Marec, S."]
[Result "1-0"]
[WhiteElo "2470"]
[BlackElo "2144"]
[Annotator "Lemasle R"]
[PlyCount "45"]
[EventDate "2013.??.??"]
[SourceDate "2013.07.29"]

1. e4 e6 2. d4 d5 3. Nd2 Nf6 4. e5 Nfd7 5. Bd3 c5 6. c3 Nc6 7. Ne2 cxd4 8. cxd4
f6 9. exf6 Nxf6 10. O-O Bd6 11. Nf3 Qc7 12. g3 O-O 13. Bf4 Ng4 14. Rc1 Bd7 15.
h3 e5 16. dxe5 Ngxe5 17. Nxe5 Bxe5 18. Bb5 Bxh3 19. Qxd5+ Kh8 20. Rxc6 bxc6 21.
Bxe5 Qb6 22. Bxg7+ Kxg7 23. Qg5+ 1-0

[Event "Open A plancoet 2013"]
[Site "?"]
[Date "2013.07.30"]
[Round "3"]
[White "Arana Garate, Jon"]
[Black "Tirard, Hugo"]
[Result "0-1"]
[WhiteElo "1858"]
[BlackElo "2421"]
[Annotator "Pierre-Jean Allory"]
[PlyCount "72"]
[SourceDate "2013.07.30"]

1. d4 Nf6 2. Nf3 g6 3. Bf4 Bg7 4. h3 O-O 5. e3 d6 6. Be2 Nc6 7. O-O Nd7 8. c3
e5 9. dxe5 dxe5 10. Bg3 Qe7 11. e4 Nc5 12. Nbd2 a5 13. Bc4 Ne6 14. Re1 f6 15.
Nf1 Ncd8 16. Ne3 Qc5 17. Qd5 Qb6 18. Re2 Nf7 19. Rd2 c6 20. Qd3 Qc7 21. a4 Kh8
22. Qc2 Qe7 23. Rb1 Nc5 24. Rbd1 Bh6 25. Re2 Nd6 26. Ng4 Bxg4 27. hxg4 Nxc4 28.
b3 Nd6 29. g5 Bxg5 30. Nxg5 fxg5 31. b4 axb4 32. cxb4 Ncxe4 33. Rxd6 Nxg3 34.
Red2 Ne2+ 35. Kf1 Nd4 36. Qc5 Nb3 0-1

[Event "Open A plancoet 2013"]
[Site "?"]
[Date "2013.07.30"]
[Round "4"]
[White "Bryzgalin, Kirill"]
[Black "Miron, Lucian-Costin"]
[Result "1/2-1/2"]
[WhiteElo "2470"]
[BlackElo "2544"]
[Annotator "Pierre-Jean Allory"]
[PlyCount "43"]

1. e4 e5 2. Nf3 Nc6 3. Bb5 a6 4. Ba4 Nf6 5. O-O Be7 6. Re1 b5 7. Bb3 d6 8. c3
O-O 9. h3 Nb8 10. d4 Nbd7 11. Nbd2 Bb7 12. Bc2 Re8 13. Nf1 Bf8 14. Ng3 g6 15.
Bg5 h6 16. Be3 Bg7 17. Qd2 Kh7 18. dxe5 dxe5 19. a4 c5 20. Qe2 Bc6 21. Nd2 Qc7
22. axb5 $11 1/2-1/2